000
00296nam a22001337a 4500
008
181018b xxu||||| |||| 00| 0 eng d
020
_a
9781593761134`
041
_a
eng
080
_a
941
100
_a
16
101
_a
HIS
245
_a
Fear A Culturar History
_c
Bourke.J
942
_2
udc
_c
BK
999
_c
50106
_d
50106